| LEADER 00000nam 2200000uu 4500 |
| 001 13399137013 |
| 003 ULIBM |
| 008 260505s2007||||th 000 0 eng d |
| 020 ^a9780415960533 |
| 050 0 ^aNX650.L34 ^bL36 2007 |
| 245 0 ^aLandscape theory / ^cedited by Rachael Ziady DeLue and James Elkins. |
| 260 ^aNew York : ^bRoutledge, ^c2008. |
| 300 ^ax, 366 p. : ^bill. ; ^c22 cm. |
| 490 0 ^aThe art seminar ; ^vv. 6 |
| 504 ^aIncludes bibliographical references and index. |
| 505 0 ^aElusive landscapes and shifting grounds / Rachael Ziady DeLue -- Introduction to social formation and symbolic landscape / Denis E. Cosgrove -- "One with nature" : landscape, language, empathy, and imagination / Anne Whiston Spirn -- Writing moods / James Elkins -- The art seminar -- Participants : Denis E. Cosgrove, Rachael Ziady DeLue, Jessica Dubow, James Elkins, Michael Gaudio, David Hays, Róisín Kennedy, Michael Newman, Rebecca Solnit, Anne Whiston Spirn, Minna Törmä, Jacob Wamberg -- Assessments -- Kenneth R. Olwig -- Maunu Häyrynen -- Jill H. Casid -- Dianne Harris -- Jennifer Jane Marshall -- Robin Kelsey -- Malcolm Andrews -- Blaise Drummond -- Hanna Johansson -- Annika Waenerberg -- Stephen Daniels -- Dana Leibsohn -- Yvonne Scott -- Martin Powers -- Jerome Silbergeld -- Michel Baridon -- David E. Nye -- Robert B. Riley -- Between subject and object / Alan Wallach -- Blindness and insights / Elizabeth Helsinger. |
| 650 ^aLandscapes in art. |
| 650 ^aArts. |
| 650 ^aLandscapes. |
| 700 1 ^aDeLue, Rachael Ziady. |
| 700 1 ^aElkins, James, ^d1955- |
| 999 ^aปวีนา มาลยาภรณ์ |